01013cam a22002657a 4500999001700000001000900017005001700026008004100043010001700084020001700101035002800118035002100146050002300167100002600190245016000216246002600376260004700402300005600449504006400505650004800569650004800617700002100665700002600686942003500712 c18933d189331458141620170114110931.0061003s2005 mm abe b 001 0 eng d a 2006494085 a9993270555 : a(CStRLIN)NYMA1571049X-B a(NNMM).b1571049x00aNA1455 .M3T43 20051 aThake, Conrad,d1963-10aMalta, war & peace :ban architectural chronicle 1800-2000 /cConrad Thake, Quentin Hughes ; foreword, Dennis Sharp ; photography and design, Daniel Cilia.30aMalta, war and peace. aSta Venera, Malta :bMidsea Books,cc2005. a260 p. :bill. (chiefly col.), map, plans ;c31 cm. aIncludes bibliographical references (p. 254-257) and index. 0aArchitecturezMaltaxHistoryy19th century. 0aArchitecturezMaltaxHistoryy20th century.1 aHughes, Quentin.1 aCilia, Daniel,d1963- 2lcccBOOKShNA1455 .M3T43 2005